000 00628nam a2200229Ia 4500
003 OSt
005 20220928135610.0
006 a|||||r|||| 00| 0
007 ta
008 220927b |||||||| |||| 00| 0 eng d
024 _a3553
037 _cTextual
040 _aSDCL
_cSDCL
_beng
041 _2eng
_aeng
082 _aX:5381, P1
100 _aBhattacharyya B Ed.
_9459563
245 0 _aNew dimensions in global business
_b Perspective 2001
260 _c2001
700 _a Gupta Amit Ed.
_9432546
942 _hX:5381, P1
_cTEXL
_2CC
999 _c807288
_d807288